Devine le streamer Twitch! - Statistiques

Statistiques générales
  • Ce quiz a été pris 4 037 fois
  • Le résultat moyen est 24 sur 40
Statistiques - réponses
Hint Réponse % Correct
CEO de la Karmine Corp Kameto
97%
Le French Monster en personne Gotaga
93%
Premier Youtubeur français, en stream le jeudi soir principalement Squeezie
91%
Créateur de Popcorn et de multiples évènements sportifs (Big9, Marathon, L'Echappée...) Domingo
88%
Révélation de 2021, forme un duo avec Billy, connu pour dégager une odeur discutable Amine
87%
Interprète de "Guerrier" et fidèle acolyte du French Monster Doigby
87%
Créateur de la "Nuit de la culture" Etoiles
84%
Principalement Youtuber, il s'est illustré lors du ZEvent 2021 par son énergie et son histoire avec la "sirène" Inoxtag
84%
Roi des Fleurs sur Twitch Ponce
83%
Streamer ayant vécu au Canada, vivant aujourd'hui à Malte, connu pour ses streams déjantés et très dynamiques Locklear
81%
Ancien youtubeur à succès devenu streamer après l'arrêt de son émission "What the Cut" Antoine Daniel
77%
Streameuse multigaming, proche de Jeel et appréciant beaucoup les lives horreurs Maghla
74%
Membre de la Team Croûton, joue beaucoup à Rocket League et à Formule 1 simulator Le Bouseuh
73%
El Jefe de la team JL Tomy
70%
Membre de LeStream devenu chauve à la suite du ZEvent 2020 Jiraya
69%
Sur le trône de la tierlist de Doigby, il est le créateur des évènements les plus populaire sur le Twitch Français. Zerator
68%
le "Vieux Monsieur" de Twitch Mister Mv
66%
Membre de LeStream, surnommé "le Fast" Xari
65%
Youtubeur rétro gaming streamant de temps en temps pour son plaisir Joueur du Grenier
62%
Reine ratus, forme un trio avec Ponce et Rivenzi Ultia
62%
Streameuse connue pour son niveau impressionnant sur PUBG et sa voix magnifique LittlebigWhale
61%
Breton et fier de lettre, attaquant gauche du FC Silmi Rivenzi
59%
Inséparable de Kameto, patron de Rekkles Kotei
58%
Streamer révélation de 2021, d'abord connu pour ses tweets puis pour ses "masterclass" en stream Billy
57%
Streameuse du matin, maîtresse d'un chien nommé Milo Jeel
51%
Membre de la team JL aussi connu pour son activité sur TikTok Amaru
49%
Premier streamer Warzone Français ChowH1
46%
animateur de "Quoi de neuf Docteur" et streamer nocturne DFG
46%
Ancienne étudiante en droit et youtubeuse vulgarisation, reconvertie streameuse Angle Droit
43%
Co fondateur du ZEvent avec Zerator Dach
43%
Streamer aidé par Squeezie lors du "SOS Streaming" ZOD
41%
Vainqueur de la dernière ZLan avec Etoiles et Khalen Kenny
40%
Principale chaîne de diffusion des matchs professionnels de LoL depuis 2021 OTP
39%
Une des premières Web TV en France, surnommée "la team d'amis" Solary
36%
ancienne Web TV très importante sur Twitch où sont passés la majorité des gros streamers actuels Eclypsia
35%
Vainqueur de la Zlan jouant principalement Nasus sur League of Legends Skyyart
32%
Bras droit de Domingo, souvent dans l'ombre Kleman
30%
Principal animateur du Récap sur LeStream Maxildan
29%
Ancien membre de Solary, cofondateur de la TV Fortnite avec Yoshi Kinstaar
27%
Streamer principalement connu pour son gros niveau sur GeoGuessr Jussetain
15%
Aucun quiz correspondant
Distribution des résultats
% des personnes avec chaque résultat
Percentile par nombre de réponses
Votre historique - résultats
Vous n’avez pas pris ce quiz